Economic aspects of marketing rubber in a changing world : International Rubber Marketing Conference, Phuket, Thailand, 11-13 April 1996 (Record no. 41313)

MARC details
000 -LEADER
fixed length control field 00412nam a2200121Ia 4500
082 ## - DEWEY DECIMAL CLASSIFICATION NUMBER
Classification number NR:339.13
Item number JUM
100 ## - MAIN ENTRY--AUTHOR NAME
Personal name Jumpasut, Prachaya
245 #0 - TITLE STATEMENT
Title Economic aspects of marketing rubber in a changing world : International Rubber Marketing Conference, Phuket, Thailand, 11-13 April 1996
260 ## - PUBLICATION, DISTRIBUTION, ETC. (IMPRINT)
Place of publication U K
Year of publication 1996
490 ## - SERIES STATEMENT
Series statement IRSG Staff Paper 1996 A
942 ## - ADDED ENTRY ELEMENTS (KOHA)
Koha item type Books
Holdings
Withdrawn status Lost status Damaged status Not for loan Home library Current library Date acquired Cost, normal purchase price Full call number Accession Number Koha item type
        RRII Library RRII Library 16/12/2021 15.00 NR:339.13 JUM 21602 Books